000 00605nam a2200217Ia 4500
005 20241129104148.0
008 241129s9999||||xx |||||||||||||| ||und||
020 _a9781639872251
037 _aTextual
040 _aRTL
_beng
_cRTL
041 _aeng
_2eng
084 _aX:8C:(D6,9(B) R1
_qRTL
100 _aNolan Rory
_9725054
245 0 _aFinancial accounting and information systems
_cNolan Rory
260 _aUSA
_bMurphy & Moore
_c2021
300 _avi,234p.
365 _aINR
_b12818.5
650 _aCommerce
942 _cTB
_hX:8C:(D6,9(B) R1
999 _c1224690
_d1224690